Yearbook of international organizations: guide to global civil society networks (Record no. 2892)

MARC details
000 -LEADER
fixed length control field 01078nam a2200193Ia 4500
020 ## - INTERNATIONAL STANDARD BOOK NUMBER
ISBN 3-598-24502-5
082 ## - DEWEY DECIMAL CLASSIFICATION NUMBER
Classification number RR 060.05 YEA-
245 #0 - TITLE STATEMENT
Title Yearbook of international organizations: guide to global civil society networks
250 ## - EDITION STATEMENT
Edition statement 39th
260 ## - PUBLICATION, DISTRIBUTION, ETC. (IMPRINT)
Place of publication Munchen
Name of publisher K.G. Saur
Year of publication 2002
300 ## - PHYSICAL DESCRIPTION
Number of Pages 5v.
500 ## - GENERAL NOTE
General note Contents: Vol.1.(A-Ins) Organization descriptions and cross-references(xii, 1241p.) - v.1.B(Ins-Z)Organization descriptions and cross-references(viii,1243-2674p.) - v.2.Geographic volume-International organization participation: country directory of secretariats and membership(xiv, 1633p.) - v.3.Subject volume-Global action networks: classified directory and index(xiv, 1858p.) - v.4.Bibliographic volume-International organization bibliography and resources(x, 636p.) - v.5.Statistics, visualizations and patterns(450p.)
504 ## - BIBLIOGRAPHY, ETC. NOTE
Bibliography, etc Includes appendix
650 ## - SUBJECT ADDED ENTRY--TOPICAL TERM
Topical Term International Organization
650 ## - SUBJECT ADDED ENTRY--TOPICAL TERM
Topical Term International agencies - Periodicals - 2002-2003
650 ## - SUBJECT ADDED ENTRY--TOPICAL TERM
Topical Term Yearbooks
710 ## - ADDED ENTRY--CORPORATE NAME
Corporate name or jurisdiction name as entry element Union of International Associations
942 ## - ADDED ENTRY ELEMENTS (KOHA)
Koha item type Books
Source of classification or shelving scheme Dewey Decimal Classification
Holdings
Withdrawn status Lost status Damaged status Not for loan Home library Current library Date acquired Serial Enumeration / chronology Bill Date Full call number Accession Number Price effective from Koha item type
        NASSDOC Library NASSDOC Library 08/06/2004 V.1 A ( A to Ins ) 2004-10-05 RR 060.05 YEA- 38750 18/04/2019 Books
        NASSDOC Library NASSDOC Library 08/06/2004 V.1 B (Int-z) 2004-10-05 RR 060.05 YEA- 38751 18/04/2019 Books
        NASSDOC Library NASSDOC Library 08/06/2004 V.2 2004-10-05 RR 060.05 YEA- 38752 18/04/2019 Books
        NASSDOC Library NASSDOC Library 08/06/2004 V.3 2004-10-05 RR 060.05 YEA- 38753 18/04/2019 Books
        NASSDOC Library NASSDOC Library 08/06/2004 V.4 2004-10-05 RR 060.05 YEA- 38754 18/04/2019 Books
        NASSDOC Library NASSDOC Library 08/06/2004 V.5 2004-10-05 RR 060.05 YEA- 38755 18/04/2019 Books